000 00851nam a2200253 i 4500
001 107556
003 ES-MaACL
005 20250815110838.0
007 t|
008 061121s1970 sp r ||||1| spa d
080 _a502:37.02
100 1 _aMorros Sardá, Julia,
_d1902-1983
_983699
245 1 0 _aGeología /
_cJulia Morros Sardá ; ilustran, Vicente G. Mata, Roberto Gutiérrez.
250 _a1ª ed.
260 _aBurgos :
_bH. de Santiago Rodríguez,
_c1970.
300 _a215 p. :
_bil. col. y n. ;
_c24 cm.
490 1 _aCiencias de la naturaleza y su didáctica ;
_v1
650 7 _aGeología
_2embne
_913086
700 1 _aG. Mata, Vicente.
_953109
700 1 _aGutiérrez, Roberto.
_961075
830 1 _aCiencias de la naturaleza y su didáctica ;
_v1
_9232905
852 4 _aES-MaACL
_jP-1592
999 _c107556
_d107556